00585nam a22001097a 4500040000800000082002700008100001800035245028100053260002600334300002800360856008700388 cRUA aAGR CHH 2009 B042 Or.1 aCHHIN, THARY. arainy season rice production technique of farmers at baty district, takeo province ( បច្ចេកទេសដំាដុះដំណាំស្រូវរដូវវស្សារបស់កសិករស្រុកបាទី ខេត្តតាកែវ​) aPhnom PenhbRUAc2009 axiii, 51p.bill.c29cm. uhttps://drive.google.com/file/d/1ORb73o5k329x1UHwhaXIJvFb9XWEA4g1/view?usp=sharing